The first three hundred books for the children's library, (Record no. 21122)

MARC details
000 -LEADER
fixed length control field 00940cam a22002411 4500
001 - CONTROL NUMBER
control field e 31000690
003 - CONTROL NUMBER IDENTIFIER
control field DLC
005 - DATE AND TIME OF LATEST TRANSACTION
control field 20260227111221.0
008 - FIXED-LENGTH DATA ELEMENTS--GENERAL INFORMATION
fixed length control field 870820s1931 nyu b s000 0 eng c
010 ## - LIBRARY OF CONGRESS CONTROL NUMBER
LC control number e 31000690
035 ## - SYSTEM CONTROL NUMBER
System control number (OCoLC)16517913
040 ## - CATALOGING SOURCE
Original cataloging agency Library, U. S. Office of Education
Transcribing agency AU
Modifying agency DLC
042 ## - AUTHENTICATION CODE
Authentication code premarc
050 00 - LIBRARY OF CONGRESS CALL NUMBER
Classification number Z1037
Item number .H93 1931
100 1# - MAIN ENTRY--PERSONAL NAME
Personal name Hunt, Clara Whitehill,
Dates associated with a name 1871-1958.
245 14 - TITLE STATEMENT
Title The first three hundred books for the children's library,
Statement of responsibility, etc. chosen by Clara Whitehill Hunt ...
250 ## - EDITION STATEMENT
Edition statement Edition 4, rev.
260 ## - PUBLICATION, DISTRIBUTION, ETC.
Place of publication, distribution, etc. Albany,
Name of publisher, distributor, etc. The University of the State of New York press,
Date of publication, distribution, etc. 1931.
300 ## - PHYSICAL DESCRIPTION
Extent 16 p.
Dimensions 23 cm.
490 0# - SERIES STATEMENT
Series statement University of the State of New York bulletin,
Volume/sequential designation no. 971
500 ## - GENERAL NOTE
General note "Note to 1931 edition: Eighty-nine titles appearing in the 1925 edition have been omitted and more recent titles substituted for them."--p.4.
650 #0 - SUBJECT ADDED ENTRY--TOPICAL TERM
Topical term or geographic name entry element Children's literature
Form subdivision Bibliography.

No items available.

Powered by Koha